| 000 | 02177nam a2200553 i 4500 | ||
|---|---|---|---|
| 001 | 53860 | ||
| 003 | KOSZ 005 | ||
| 005 | 20220722085427.0 | ||
| 008 | 220428s1979 pl a g 000 0 pol | ||
| 015 | _aUWD 1979/3398 | ||
| 035 | _a991014061739705066 | ||
| 035 | _a(PL-WaBN)b13779990-48omnis_nlop | ||
| 035 | _ab13779990 | ||
| 035 | _a(OCoLC)804732834 | ||
| 035 | _axx002433923 | ||
| 035 | _a(PL)b0000001377999 | ||
| 035 | _a(EXLNZ-48OMNIS_NETWORK)9910184871705606 | ||
| 040 |
_aWA N _cWA N _dKOSZ 005/RW |
||
| 046 | _k1979 | ||
| 080 | _a355/359 | ||
| 080 | _a330.13 | ||
| 100 | 1 |
_aSajecki, Henryk _eAutor |
|
| 245 | 1 | 0 |
_aAnaliza wartości w siłach zbrojnych / _cHenryk Sajecki. |
| 250 | _aWydanie I. | ||
| 260 |
_aWarszawa : _bWydawnictwo Ministerstwa Obrony Narodowej, _c1979. |
||
| 300 |
_a230, [2] stron : _bilustracje, tabele, wykresy ; _c21 cm. |
||
| 336 |
_aTekst _btxt _2rdacontent |
||
| 337 |
_aBez urządzenia pośredniczącego _bn _2rdamedia |
||
| 338 |
_aWolumin _bnc _2rdacarrier |
||
| 380 | _aKsiążki | ||
| 380 | _aPublikacje dydaktyczne | ||
| 388 | 1 | _a1901-2000 | |
| 388 | 1 | _a1945-1989 | |
| 490 | 1 | _aBiblioteka Wiedzy Wojskowej | |
| 504 | _aBibliografia na stronach 222-[226]. | ||
| 521 | 8 | _aKsiążka przeznaczona jest dla wykładowców i studentów akademii wojskowych i wyższych szkół oficerskich głównie o kierunkach technicznych i ekonomicznych ; dla pracowników instytutów naukowo-badawczych, biur projektowych itp. Będzie również przydatna dla aparatu kierowniczego różnych ogniw sfery gospodarczo-obronnej. | |
| 650 | 7 |
_aEkonomika wojenna _2DBN |
|
| 650 | 7 |
_aAnaliza wartości _2DBN |
|
| 650 | 7 |
_aWojsko _2DBN |
|
| 650 | 7 |
_aZastosowanie i wykorzystanie _2DBN |
|
| 655 | 7 | _aOpracowanie | |
| 658 | _aBezpieczeństwo i wojskowość | ||
| 658 | _aGospodarka, ekonomia, finanse | ||
| 710 | 2 |
_aWydawnictwo Ministerstwa Obrony Narodowej _4pbl |
|
| 830 | 0 | _aBiblioteka Wiedzy Wojskowej | |
| 856 |
_uhttp://koha.tu.koszalin.pl/cgi-bin/koha/opac-detail.pl?biblionumber=53860 _yKatalog online BPK |
||
| 942 |
_2UKD _cKS |
||
| 999 |
_c53860 _d53860 |
||